000 00271nam a2200109Ia 4500
008 200302s9999 xx 000 0 und d
100 _aVikramaditya Prakash
245 _aThe Architecture Of Shivdatt Sharma
260 _bMapin Publishing
260 _c2012
300 _a173 P
999 _c4394
_d4394